MyGZULibrary

The SAGE handbook of personality and individual differences / (Record no. 233)

MARC details
000 -LEADER
fixed length control field 02394cam a2200577 i 4500
001 - CONTROL NUMBER
control field 20008559
003 - CONTROL NUMBER IDENTIFIER
control field GZU
005 - DATE AND TIME OF LATEST TRANSACTION
control field 20200715122112.0
008 - FIXED-LENGTH DATA ELEMENTS--GENERAL INFORMATION
fixed length control field 170919s2018 cauad b 001 0 eng d
010 ## - LIBRARY OF CONGRESS CONTROL NUMBER
LC control number 2017955554
015 ## - NATIONAL BIBLIOGRAPHY NUMBER
National bibliography number GBB866528
Source bnb
016 7# - NATIONAL BIBLIOGRAPHIC AGENCY CONTROL NUMBER
Record control number 018829329
Source Uk
020 ## - INTERNATIONAL STANDARD BOOK NUMBER
International Standard Book Number 9781526445179
Qualifying information (hardback ;
-- v. 1)
020 ## - INTERNATIONAL STANDARD BOOK NUMBER
International Standard Book Number 1526445174
Qualifying information (hardback ;
-- v. 1)
020 ## - INTERNATIONAL STANDARD BOOK NUMBER
International Standard Book Number 9781526445186
Qualifying information (hardback ;
-- v. 2)
020 ## - INTERNATIONAL STANDARD BOOK NUMBER
International Standard Book Number 1526445182
Qualifying information (hardback ;
-- v. 2)
020 ## - INTERNATIONAL STANDARD BOOK NUMBER
International Standard Book Number 9781526445193
Qualifying information (hardback ;
-- v. 3)
020 ## - INTERNATIONAL STANDARD BOOK NUMBER
International Standard Book Number 1526445190
Qualifying information (hardback ;
-- v. 3)
020 ## - INTERNATIONAL STANDARD BOOK NUMBER
International Standard Book Number 9781473948310
Qualifying information (3 volumes set)
020 ## - INTERNATIONAL STANDARD BOOK NUMBER
International Standard Book Number 1473948312
Qualifying information (3 volumes set)
020 ## - INTERNATIONAL STANDARD BOOK NUMBER
Canceled/invalid ISBN 9781526455659 (ePub ebook)
035 ## - SYSTEM CONTROL NUMBER
System control number (OCoLC)on1042328279
040 ## - CATALOGING SOURCE
Original cataloging agency RAU
Language of cataloging eng
Transcribing agency RAU
Description conventions rda
Modifying agency RAU
-- OCLCF
-- SINLB
-- OCLCA
-- NDD
-- GRG
-- UIU
-- YDX
-- CHVBK
-- UKMGB
-- DLC
042 ## - AUTHENTICATION CODE
Authentication code lccopycat
050 00 - LIBRARY OF CONGRESS CALL NUMBER
Classification number BF698
Item number .SAG 2018
245 04 - TITLE STATEMENT
Title The SAGE handbook of personality and individual differences /
Statement of responsibility, etc. edited by Virgil Zeigler-Hill and Todd K. Shackelford.
246 3# - VARYING FORM OF TITLE
Title proper/short title Handbook of personality and individual differences
246 3# - VARYING FORM OF TITLE
Title proper/short title Personality and individual differences
264 #1 - PRODUCTION, PUBLICATION, DISTRIBUTION, MANUFACTURE, AND COPYRIGHT NOTICE
Place of production, publication, distribution, manufacture Los Angeles :
Name of producer, publisher, distributor, manufacturer SAGE Publications,
Date of production, publication, distribution, manufacture, or copyright notice [2018]
300 ## - PHYSICAL DESCRIPTION
Extent 3 volumes :
Other physical details illustrations, tables, graphs, charts ;
Dimensions 26 cm
336 ## - CONTENT TYPE
Content type term text
Content type code txt
Source rdacontent
336 ## - CONTENT TYPE
Content type term still image
Content type code sti
Source rdacontent
337 ## - MEDIA TYPE
Media type term unmediated
Media type code n
Source rdamedia
338 ## - CARRIER TYPE
Carrier type term volume
Carrier type code nc
Source rdacarrier
500 ## - GENERAL NOTE
General note "Sage reference".
500 ## - GENERAL NOTE
General note Volume and set information from publisher's website.
504 ## - BIBLIOGRAPHY, ETC. NOTE
Bibliography, etc. note Includes bibliographical references and index.
505 0# - FORMATTED CONTENTS NOTE
Formatted contents note Volume [1]. The science of personality and individual differences -- Volume [2]. Origins of personality and individual differences -- Volume [3]. Applications of personality and individual differences.
650 #0 - SUBJECT ADDED ENTRY--TOPICAL TERM
Topical term or geographic name entry element Personality.
650 #0 - SUBJECT ADDED ENTRY--TOPICAL TERM
Topical term or geographic name entry element Individuality.
650 #7 - SUBJECT ADDED ENTRY--TOPICAL TERM
Topical term or geographic name entry element Individuality.
Source of heading or term fast
Authority record control number or standard number (OCoLC)fst00970343
650 #7 - SUBJECT ADDED ENTRY--TOPICAL TERM
Topical term or geographic name entry element Personality.
Source of heading or term fast
Authority record control number or standard number (OCoLC)fst01058667
655 #7 - INDEX TERM--GENRE/FORM
Genre/form data or focus term Handbooks and manuals.
Source of term lcgft
700 1# - ADDED ENTRY--PERSONAL NAME
Personal name Zeigler-Hill, Virgil,
Relator term editor.
700 1# - ADDED ENTRY--PERSONAL NAME
Personal name Shackelford, Todd K.
Fuller form of name (Todd Kennedy),
Dates associated with a name 1971-
Relator term editor.
776 08 - ADDITIONAL PHYSICAL FORM ENTRY
Relationship information ebook version :
International Standard Book Number 9781526455659
906 ## - LOCAL DATA ELEMENT F, LDF (RLIN)
a 7
b cbc
c copycat
d 2
e ncip
f 20
g y-gencatlg
942 ## - ADDED ENTRY ELEMENTS (KOHA)
Source of classification or shelving scheme Library of Congress Classification
Koha item type Books
Classification part 698
Item part SAG
Call number prefix BF
Holdings
Withdrawn status Lost status Damaged status Not for loan Collection code Home library Current library Shelving location Date acquired Source of acquisition Total Checkouts Full call number Barcode Date last seen Copy number Price effective from Koha item type
        Non-fiction City Campus Library City Campus Library General Stacks 01/15/2020 Book Aid International   BF698 SAG 2018 030949 07/15/2020 c. 1 07/15/2020 Books